[Event "standard tournament (under 1400)"]
[Site "SchemingMind.com"]
[Date "2008.12.17"]
[Round "-"]
[White "lame wolf"]
[Black "Shanks"]
[Result "0-1"]
[WhiteCountry "INT"]
[BlackCountry "ENG"]
[WhiteElo "995"]
[WhiteRD "52"]
[BlackElo "1412"]
[BlackRD "74"]
[GameID "183117"]

1. c3 d6 2. g3 e5 3. Bg2 g6 4. d4 Bg7 5. d5 Ne7 6. e4 O-O 7. Be3 c6 8. f4 cxd5 9. exd5 Nf5 10. Bd2 exf4
11. c4 Re8+ 12. Ne2 fxg3 13. hxg3 Nxg3 14. Rg1 Nxe2 15. Rf1 Ng3+ 16. Kf2 Nxf1
0-1

[Event "standard tournament (under 1400)"]
[Site "SchemingMind.com"]
[Date "2008.12.17"]
[Round "-"]
[White "Shanks"]
[Black "lame wolf"]
[Result "1-0"]
[WhiteCountry "ENG"]
[BlackCountry "INT"]
[WhiteElo "1415"]
[WhiteRD "69"]
[BlackElo "1025"]
[BlackRD "56"]
[GameID "183118"]

1. d4 d5 2. Nf3 Qd6 3. c3 c5 4. g3 c4 5. Bg2 g6 6. Nbd2 Bg7 7. O-O e5 8. dxe5 Bxe5 9. Nxe5 Qxe5 10. Nf3 Qe7
11. Bg5 f6 12. Be3 g5 13. Qxd5 Qd7 14. Qxc4 Nc6 15. Qb3 g4 16. Nd2 Nge7 17. Rad1 f5 18. Nc4 Qe6 19. Nd6+ Kf8 20. c4 Na5
21. Qc2 Nxc4 22. Nxc4 Kg7 23. Bd4+
1-0

[Event "standard tournament (under 1400)"]
[Site "SchemingMind.com"]
[Date "2008.12.13"]
[Round "-"]
[White "waldron"]
[Black "lame wolf"]
[Result "1-0"]
[WhiteCountry "USA"]
[BlackCountry "INT"]
[WhiteElo "1930"]
[WhiteRD "126"]
[BlackElo "995"]
[BlackRD "52"]
[GameID "183166"]

1. e4 d5 2. exd5 Qxd5 3. Nc3 Qd8 4. d4 Nf6 5. Bc4 e6 6. Nf3 Bb4 7. O-O Bd7 8. Bg5 O-O 9. a3 Bxc3 10. bxc3 Qe8
11. Bxf6 g6 12. Qd2 Bb5 13. Qh6 Bxc4 14. Qg7#
1-0

[Event "standard tournament (under 1400)"]
[Site "SchemingMind.com"]
[Date "2008.12.17"]
[Round "-"]
[White "waldron"]
[Black "Shanks"]
[Result "1-0"]
[WhiteCountry "USA"]
[BlackCountry "ENG"]
[WhiteElo "2124"]
[WhiteRD "68"]
[BlackElo "1433"]
[BlackRD "66"]
[GameID "183167"]

1. e4 d6 2. d4 g6 3. Nc3 Bg7 4. Be3 a6 5. Qd2 Nd7 6. Nf3 c5 7. Bc4 cxd4 8. Nxd4 Ne5 9. Be2 Ng4 10. Bg5 Ne5
11. O-O Qc7 12. Nd5 Qd8 13. Qc3 Kf8 14. Rad1 h6 15. Bh4 g5 16. Bg3 Ng6 17. Bh5 e5 18. Nf5 Bxf5 19. exf5 N6e7 20. Qb3 Nf6
21. Nxf6 d5 22. Nxd5 Nxd5 23. Rxd5 Qe7 24. Rfd1 Bf6 25. Rd7 b5 26. Rxe7 Rh7 27. Rxf7+ Rxf7 28. Qxf7#
1-0

[Event "standard tournament (under 1400)"]
[Site "SchemingMind.com"]
[Date "2008.12.13"]
[Round "-"]
[White "lame wolf"]
[Black "waldron"]
[Result "0-1"]
[WhiteCountry "INT"]
[BlackCountry "USA"]
[WhiteElo "995"]
[WhiteRD "52"]
[BlackElo "1930"]
[BlackRD "126"]
[GameID "183168"]

1. c3 d5 2. d4 Nf6 3. e3 c6 4. Bd3 Bg4 5. Be2 Bxe2 6. Nxe2 Qc7 7. Nd2 Nbd7 8. e4 dxe4 9. Qc2 e5 10. dxe5 Qxe5
11. Ng3 Nc5 12. O-O O-O-O 13. Rd1 Nd3 14. Ne2 Bd6 15. Nc4 Qxh2+ 16. Kf1 Qh1+ 17. Ng1 Bh2
0-1

[Event "standard tournament (under 1400)"]
[Site "SchemingMind.com"]
[Date "2008.12.17"]
[Round "-"]
[White "Shanks"]
[Black "waldron"]
[Result "0-1"]
[WhiteCountry "ENG"]
[BlackCountry "USA"]
[WhiteElo "1433"]
[WhiteRD "66"]
[BlackElo "2124"]
[BlackRD "68"]
[GameID "183169"]

1. Nf3 Nf6 2. d4 c5 3. dxc5 Qa5+ 4. c3 Qxc5 5. Nbd2 g6 6. Qc2 Bg7 7. e3 O-O 8. Be2 d6 9. O-O b6 10. b4 Qc7
11. Bb2 Bb7 12. b5 Nbd7 13. a4 Nc5 14. h3 Rac8 15. c4 Rfd8 16. Nd4 d5 17. Nc6 Bxc6 18. bxc6 Qxc6 19. cxd5 Qxd5 20. Bd4 Ne6
21. Qd1 Nxd4 22. exd4 Qxd4 23. Qe1 Qxd2 24. Qxd2 Rxd2 25. Bf3 Rcc2 26. Rad1 e5 27. Rxd2 Rxd2 28. Rc1 e4 29. Rc8+ Bf8 30. Bg4 h5
31. Bxh5 Nxh5 32. Rc7 Rd1+ 33. Kh2 Bd6+ 34. g3 Bxc7 35. Kg2 Rd2 36. h4 e3 37. g4 e2 38. gxh5 e1=Q 39. hxg6 Qxf2+ 40. Kh3 Qg2#
0-1

[Event "standard tournament (under 1400)"]
[Site "SchemingMind.com"]
[Date "2008.12.14"]
[Round "-"]
[White "drowzee1872"]
[Black "lame wolf"]
[Result "1-0"]
[WhiteCountry "WLS"]
[BlackCountry "INT"]
[WhiteElo "1336"]
[WhiteRD "98"]
[BlackElo "995"]
[BlackRD "52"]
[GameID "183304"]

1. d4 d5 2. Nf3 Qd6 3. g3 c5 4. Bg2 c4 5. Bf4 Qd7 6. Ne5 Qd8 7. Nc3 Nc6 8. Nxd5 Nxe5 9. dxe5 e6 10. Ne3 Bc5
11. Qxd8+ Kxd8 12. Nxc4 Ne7 13. Rd1+ Bd7 14. Bxb7 Rb8 15. Bg2 Nd5 16. Bc1 Ke7 17. e4 Nb6 18. Nxb6 Bxb6 19. a3 Rhc8 20. c3 Kf8
21. O-O a5 22. Rxd7 Bc7 23. f4 Ke8 24. Rfd1 Rd8 25. Rxd8+ Bxd8 26. b4 f5 27. exf5 exf5 28. Kf2 axb4 29. axb4 Bb6+ 30. Be3 Bxe3+
31. Kxe3 Ra8 32. Bxa8
1-0

[Event "standard tournament (under 1400)"]
[Site "SchemingMind.com"]
[Date "2008.12.14"]
[Round "-"]
[White "drowzee1872"]
[Black "waldron"]
[Result "0-1"]
[WhiteCountry "WLS"]
[BlackCountry "USA"]
[WhiteElo "1236"]
[WhiteRD "89"]
[BlackElo "2124"]
[BlackRD "68"]
[GameID "183306"]

1. d4 Nf6 2. Bg5 Ne4 3. h4 c5 4. Nf3 Qa5+ 5. c3 cxd4 6. Nxd4 Nc6 7. Nf3 d5 8. e3 Bg4 9. Be2 Nxg5 10. hxg5 e6
11. Nbd2 Bd6 12. Qb3 Rb8 13. O-O O-O 14. Rfe1 Rfc8 15. Qc2 b5 16. Bd3 g6 17. Nh2 Bf5 18. Bxf5 gxf5 19. g4 Qc7 20. Ndf3 f4
21. e4 d4 22. g6 hxg6 23. g5 Ne5 24. Nxd4 b4 25. Rab1 bxc3 26. bxc3 Rxb1 27. Rxb1 Qxc3 28. Rc1 Qxc2 29. Rxc2 Rxc2 30. Nxc2 Bc5
31. Kg2 Nd3 32. Ng4 Kg7 33. Kf3 Be7 34. a3 Bxg5 35. Nb4 Nxb4 36. axb4 Be7 37. b5 g5 38. Ne5 Bc5 39. Nd7 Bd4 40. Nb8 Kg6
41. Nc6 Bc5 42. Kg4 f5+ 43. exf5+ exf5+ 44. Kf3 Bb6 45. Ne7+ Kf6 46. Nc8 Bc5 47. Ke2 Ke6 48. Kd3 Kd7 49. Kc4 Bxf2
0-1

[Event "standard tournament (under 1400)"]
[Site "SchemingMind.com"]
[Date "2008.12.14"]
[Round "-"]
[White "lame wolf"]
[Black "drowzee1872"]
[Result "0-1"]
[WhiteCountry "INT"]
[BlackCountry "WLS"]
[WhiteElo "995"]
[WhiteRD "52"]
[BlackElo "1336"]
[BlackRD "98"]
[GameID "183307"]

1. c3 c5 2. e4 Nc6 3. Qc2 g6 4. d3 Bg7 5. Be3 b6 6. d4 cxd4 7. cxd4 Nxd4 8. Bxd4 Bxd4 9. Nh3 Bg7 10. Bd3 Bb7
11. Nd2 Rc8 12. Qb3 e6 13. O-O Ne7 14. Rac1 O-O 15. Rxc8 Qxc8 16. Nf4 Qb8 17. Qb5 Bc6 18. Qb4 d6 19. a4 a5 20. Qa3 Rc8
21. Rc1 Bf8 22. b4 axb4 23. Qxb4 d5 24. exd5 Nxd5 25. Nxd5 Bxb4 26. Ne7+ Bxe7
0-1

[Event "standard tournament (under 1400)"]
[Site "SchemingMind.com"]
[Date "2008.12.14"]
[Round "-"]
[White "waldron"]
[Black "drowzee1872"]
[Result "1-0"]
[WhiteCountry "USA"]
[BlackCountry "WLS"]
[WhiteElo "2124"]
[WhiteRD "68"]
[BlackElo "1236"]
[BlackRD "89"]
[GameID "183309"]

1. e4 d5 2. exd5 Qxd5 3. Nc3 Qd6 4. d4 Nf6 5. Bc4 a6 6. Nge2 b5 7. Bb3 Bb7 8. Bf4 Qb6 9. O-O e6 10. a4 Bd6
11. axb5 axb5 12. Rxa8 Bxa8 13. Qd3 Nbd7 14. Qxb5 Bxf4 15. Qxb6 Bxh2+ 16. Kxh2 Nxb6 17. Nb5 Kd7 18. Ra1 Bd5 19. Bxd5 Nbxd5 20. Ra7 Rb8
21. c4 Ne8 22. Nec3 Nxc3 23. bxc3 Kc6 24. Kg3 Rb7 25. Rxb7 Kxb7 26. Kf4 f6 27. Ke4 c6 28. Na3 Nd6+ 29. Kd3 f5 30. Nc2 Ne4
31. f3 Nf6 32. Ne1 g5 33. Ke3 h5 34. Nd3 Nd7 35. c5 h4 36. Kf2 f4 37. Ke2 Ka6 38. Nf2 Nf6 39. Nh3 Nh7 40. Kd3 Kb7
41. Ke4 Kc7 42. Ke5 Kd7 43. c4 Ke7 44. d5 exd5 45. cxd5 cxd5 46. Kxd5 Nf6+ 47. Kc6 g4 48. fxg4 Nxg4 49. Nxf4
1-0

[Event "standard tournament (under 1400)"]
[Site "SchemingMind.com"]
[Date "2008.12.14"]
[Round "-"]
[White "Ralke"]
[Black "lame wolf"]
[Result "1-0"]
[WhiteCountry "SRB"]
[BlackCountry "INT"]
[WhiteElo "1409"]
[WhiteRD "122"]
[BlackElo "1025"]
[BlackRD "56"]
[GameID "183410"]

1. d4 d5 2. Nc3 Qd6 3. e4 e5 4. exd5 Nf6 5. dxe5 Qxe5+ 6. Qe2 Qxe2+ 7. Bxe2 Bd6 8. Nf3 Nbd7 9. O-O O-O 10. a3 Nb6
11. Rd1 Re8 12. Be3 Nbd7 13. Nb5 a6 14. Nxd6 cxd6 15. h3 b5 16. b3 Bb7 17. c4 Ne4 18. Rac1 bxc4 19. bxc4 Rac8 20. Nd2 Nxd2
21. Rxd2 Nf6 22. Rb2 g6 23. Rxb7 Ne4 24. Bd3 Nc5 25. Bxc5 Rxc5 26. Rb6 Ra5 27. Rxd6 Rxa3 28. Bf1 a5 29. c5 Rc8 30. c6 Rc7
31. Rd8+ Kg7 32. d6
1-0

[Event "standard tournament (under 1400)"]
[Site "SchemingMind.com"]
[Date "2008.12.17"]
[Round "-"]
[White "Ralke"]
[Black "Shanks"]
[Result "0-1"]
[WhiteCountry "SRB"]
[BlackCountry "ENG"]
[WhiteElo "1415"]
[WhiteRD "100"]
[BlackElo "1433"]
[BlackRD "66"]
[GameID "183411"]

1. e4 d6 2. d4 Nf6 3. Nc3 g6 4. Nf3 a6 5. Be2 Bg7 6. O-O O-O 7. Bc4 Nbd7 8. Re1 e5 9. dxe5 Nxe5 10. h3 Nxc4
11. b3 Ne5 12. Bb2 Nxf3+ 13. Qxf3 Nd7 14. Rad1 Ne5 15. Qe2 c6
0-1

[Event "standard tournament (under 1400)"]
[Site "SchemingMind.com"]
[Date "2008.12.14"]
[Round "-"]
[White "Ralke"]
[Black "drowzee1872"]
[Result "1-0"]
[WhiteCountry "SRB"]
[BlackCountry "WLS"]
[WhiteElo "1415"]
[WhiteRD "100"]
[BlackElo "1236"]
[BlackRD "89"]
[GameID "183412"]

1. e4 d5 2. exd5 Qxd5 3. Nc3 Qd6 4. Nf3 Nf6 5. d4 a6 6. h3 b5 7. Bd3 Bb7 8. O-O e6 9. Re1 Nbd7 10. Ne4 Qb6
11. a3 Be7 12. Bg5 O-O 13. Qd2 Rac8 14. Rac1 Rfe8 15. c4
1-0

[Event "standard tournament (under 1400)"]
[Site "SchemingMind.com"]
[Date "2008.12.14"]
[Round "-"]
[White "Ralke"]
[Black "waldron"]
[Result "0-1"]
[WhiteCountry "SRB"]
[BlackCountry "USA"]
[WhiteElo "1415"]
[WhiteRD "100"]
[BlackElo "2124"]
[BlackRD "68"]
[GameID "183413"]

1. e4 c5 2. Nf3 e6 3. d4 cxd4 4. Nxd4 a6 5. a3 Qc7 6. Nc3 Nf6 7. Be2 Nc6 8. f4 Nxd4 9. Qxd4 Bc5 10. Qd3 d6
11. h3 Bd7 12. Bd2 Bc6 13. O-O-O b5 14. Be3 O-O 15. Bf3 b4 16. axb4 Bxb4 17. g4 Qb7 18. g5 Bxc3 19. Qxc3 Nxe4 20. Bxe4 Bxe4
21. Rhe1 Rfc8 22. Qd2 Rxc2+ 23. Qxc2 Bxc2 24. Kxc2 Rc8+ 25. Kb1 Qe4+ 26. Ka1 Qa4+ 27. Kb1 Qc2+ 28. Ka1 Rc4 29. b3 Qxb3 30. Rd4 Rc2
31. Rd2 Qa2#
0-1

[Event "standard tournament (under 1400)"]
[Site "SchemingMind.com"]
[Date "2008.12.15"]
[Round "-"]
[White "lame wolf"]
[Black "Ralke"]
[Result "0-1"]
[WhiteCountry "INT"]
[BlackCountry "SRB"]
[WhiteElo "1025"]
[WhiteRD "56"]
[BlackElo "1409"]
[BlackRD "122"]
[GameID "183414"]

1. b4 e6 2. a3 Nf6 3. Bb2 b6 4. d4 Bb7 5. e3 d6 6. Nd2 Be7 7. a4 O-O 8. Ne2 Nbd7 9. Nc3 c5 10. bxc5 dxc5
11. Nf3 cxd4 12. Nxd4 Bb4 13. Bd3 Rc8 14. f3 Bxc3+ 15. Bxc3 Rxc3 16. Qd2 Rc8 17. e4 Ne5 18. Nb5 a6 19. Nd4 Qxd4 20. Rb1 Rfd8
21. Ke2 Qxa4 22. f4 Nxd3
0-1

[Event "standard tournament (under 1400)"]
[Site "SchemingMind.com"]
[Date "2008.12.18"]
[Round "-"]
[White "Shanks"]
[Black "Ralke"]
[Result "1-0"]
[WhiteCountry "ENG"]
[BlackCountry "SRB"]
[WhiteElo "1433"]
[WhiteRD "66"]
[BlackElo "1415"]
[BlackRD "100"]
[GameID "183415"]

1. Nf3 c5 2. d4 e6 3. e3 a6 4. b3 Nc6 5. Bb2 cxd4 6. exd4 b5 7. Be2 Bb7 8. O-O Nf6 9. c3 g6 10. Nbd2 Bg7
11. Ne5 Qc7 12. Nxc6 Bxc6 13. b4 O-O 14. a3 Qb7 15. Nf3 Rfe8 16. Rb1
1-0

[Event "standard tournament (under 1400)"]
[Site "SchemingMind.com"]
[Date "2008.12.14"]
[Round "-"]
[White "drowzee1872"]
[Black "Ralke"]
[Result "0-1"]
[WhiteCountry "WLS"]
[BlackCountry "SRB"]
[WhiteElo "1236"]
[WhiteRD "89"]
[BlackElo "1415"]
[BlackRD "100"]
[GameID "183416"]

1. d4 d6 2. e4 g6 3. c3 Bg7 4. Be3 f5 5. Nd2 a6 6. Qb3 e6 7. Ngf3 Qd7 8. Bc4 b5 9. Bxe6 Qxe6 10. Qxe6+ Bxe6
11. Ng5 Bd7 12. exf5 Bxf5 13. O-O Ne7
0-1

[Event "standard tournament (under 1400)"]
[Site "SchemingMind.com"]
[Date "2008.12.15"]
[Round "-"]
[White "waldron"]
[Black "Ralke"]
[Result "1-0"]
[WhiteCountry "USA"]
[BlackCountry "SRB"]
[WhiteElo "2124"]
[WhiteRD "68"]
[BlackElo "1415"]
[BlackRD "100"]
[GameID "183417"]

1. e4 c6 2. d4 d5 3. exd5 cxd5 4. c4 Nf6 5. Nc3 Nc6 6. Bg5 e6 7. Nf3 Be7 8. c5 O-O 9. Bb5 Bd7 10. O-O a6
11. Bxc6 Bxc6 12. Re1 Ne4 13. Bxe7 Qxe7 14. Rc1 f6 15. b4 Rfe8 16. Nxe4 dxe4 17. Nd2 f5 18. Nc4 Rad8 19. Nd6 Rxd6 20. cxd6 Qxd6
21. a3 Rd8 22. Qb3 Bd5 23. Qc3 Bc6 24. Red1 Ba4 25. Rd2 a5 26. bxa5 Bc6 27. a6 Bd5 28. a7 Qa6 29. Qc8
1-0

[Event "standard tournament (under 1400)"]
[Site "SchemingMind.com"]
[Date "2008.12.16"]
[Round "-"]
[White "Manfred Kraut"]
[Black "lame wolf"]
[Result "1-0"]
[WhiteCountry "GER"]
[BlackCountry "INT"]
[WhiteElo "1380"]
[WhiteRD "68"]
[BlackElo "995"]
[BlackRD "52"]
[GameID "183870"]

1. d4 d5 2. Nf3 Qd6 3. g3 c5 4. e3 c4 5. Bg2 Nd7 6. O-O b5 7. a3 a5 8. c3 Ndf6 9. Nbd2 e6 10. Re1 Bd7
11. e4 Ne7 12. e5 Qb6 13. exf6 b4 14. fxe7 b3 15. exf8=Q+ Kxf8 16. Ne5 Qb7 17. Qf3 a4 18. Qxf7#
1-0

[Event "standard tournament (under 1400)"]
[Site "SchemingMind.com"]
[Date "2008.12.19"]
[Round "-"]
[White "Manfred Kraut"]
[Black "Shanks"]
[Result "0-1"]
[WhiteCountry "GER"]
[BlackCountry "ENG"]
[WhiteElo "1451"]
[WhiteRD "67"]
[BlackElo "1433"]
[BlackRD "66"]
[GameID "183871"]

1. d4 d6 2. Nf3 g6 3. e3 Bg7 4. Bd3 e6 5. O-O a6 6. Re1 Ne7 7. Nbd2 O-O 8. e4 e5 9. d5 Nd7 10. c4 b6
11. b4 Bb7 12. Nb3 a5 13. c5 bxc5 14. bxc5 Nxc5 15. Nxc5 dxc5 16. Bb2 Qd6 17. Ng5 Bc8 18. f4 exf4 19. Bxg7 Kxg7 20. Bc4 Ba6
21. Bxa6 Rxa6 22. e5 Qb6 23. e6 c4+ 24. Kf1 f6 25. Ne4 Raa8 26. Rc1 Rad8 27. Rxc4 Rxd5 28. Qc1 c6 29. Nc3 Rd6 30. Rxf4 Qa6+
31. Kg1 c5 32. Rh4 g5 33. Rh3 Rxe6 34. Rxe6 Qxe6 35. g3 Qxh3 36. Ne2 Qc8 37. Kg2 Ng6 38. h4 Qc6+ 39. Kh3 gxh4 40. gxh4 Qf3+
0-1

[Event "standard tournament (under 1400)"]
[Site "SchemingMind.com"]
[Date "2008.12.17"]
[Round "-"]
[White "Manfred Kraut"]
[Black "drowzee1872"]
[Result "1-0"]
[WhiteCountry "GER"]
[BlackCountry "WLS"]
[WhiteElo "1451"]
[WhiteRD "67"]
[BlackElo "1236"]
[BlackRD "89"]
[GameID "183873"]

1. d4 Nf6 2. Nf3 d5 3. e3 Bg4 4. Nbd2 e6 5. Bd3 c5 6. O-O Nc6 7. Re1 Bd6 8. c4 cxd4 9. exd4 Nxd4 10. cxd5 Nxd5
11. Qa4+ Ke7 12. Qxd4 Nf6 13. Qa4 Bxf3 14. Nxf3 Bxh2+ 15. Nxh2 Qxd3 16. Qb4+ Qd6 17. Qxb7+ Nd7 18. Bg5+ f6 19. Bh4 Rhb8 20. Qe4 Nf8
21. Rad1 Qb6 22. Ng4 Rd8 23. Ne5 Rxd1 24. Rxd1 Rc8 25. a3 Qxb2 26. Nc6+ Kf7 27. Nxa7 Rc7 28. Nc6 Qxa3 29. Nd8+ Ke7 30. Nc6+ Kf7
31. Bg3 Qb3 32. Rb1
1-0

[Event "standard tournament (under 1400)"]
[Site "SchemingMind.com"]
[Date "2008.12.17"]
[Round "-"]
[White "Manfred Kraut"]
[Black "Ralke"]
[Result "0-1"]
[WhiteCountry "GER"]
[BlackCountry "SRB"]
[WhiteElo "1411"]
[WhiteRD "67"]
[BlackElo "1409"]
[BlackRD "122"]
[GameID "183874"]

1. d4 Nf6 2. Nf3 e6 3. e3 a6 4. Bd3 Nc6 5. O-O d5 6. Nbd2 Bd6 7. Re1 O-O 8. e4 dxe4 9. Nxe4 Nxe4 10. Bxe4 Bd7
11. c4 Bb4 12. Re2 f5 13. Bd3 Be8 14. Bd2 Bxd2 15. Qxd2 Bh5 16. Rxe6 Bxf3 17. gxf3 Nxd4 18. Ree1 Nxf3+
0-1

[Event "standard tournament (under 1400)"]
[Site "SchemingMind.com"]
[Date "2008.12.16"]
[Round "-"]
[White "Manfred Kraut"]
[Black "waldron"]
[Result "0-1"]
[WhiteCountry "GER"]
[BlackCountry "USA"]
[WhiteElo "1380"]
[WhiteRD "68"]
[BlackElo "1930"]
[BlackRD "126"]
[GameID "183875"]

1. d4 Nf6 2. Nf3 c5 3. d5 e6 4. Nc3 exd5 5. Nxd5 Nxd5 6. Qxd5 Be7 7. Bg5 Nc6 8. e4 Nb4 9. Qc4 Bxg5 10. Ne5 O-O
11. Qxc5 Qe7 12. Qxe7 Bxe7 13. O-O-O Nxa2+ 14. Kb1 Nb4 15. Bc4 d6 16. Nf3 Bg4 17. h3 Bxf3 18. gxf3 Rac8 19. b3 a6 20. Rhe1 b5
21. Bd3 Nxd3 22. cxd3 Rc3 23. Kb2 Rfc8 24. Ka3 d5+ 25. Kb2 dxe4 26. Rxe4 Bf6 27. d4 Rc2+ 28. Kb1 h6 29. Re8+ Rxe8 30. Kxc2 Re2+
31. Rd2 Rxd2+ 32. Kxd2 Bxd4 33. Ke2 a5 34. Kd3 Bxf2 35. Kc3 Kf8 36. b4 Be1+
0-1

[Event "standard tournament (under 1400)"]
[Site "SchemingMind.com"]
[Date "2008.12.16"]
[Round "-"]
[White "lame wolf"]
[Black "Manfred Kraut"]
[Result "0-1"]
[WhiteCountry "INT"]
[BlackCountry "GER"]
[WhiteElo "995"]
[WhiteRD "52"]
[BlackElo "1380"]
[BlackRD "68"]
[GameID "183876"]

1. b4 Nf6 2. a3 e5 3. Bb2 e4 4. d3 Nc6 5. d4 d5 6. e3 Bf5 7. Bb5 Bd6 8. Bxc6+ bxc6 9. Qe2 O-O 10. b5 cxb5
11. Qxb5 Rb8 12. Qa6 Rxb2 13. Qxa7 Rxc2 14. Nd2 Qc8 15. Ne2 c5 16. Rc1 Rxc1+ 17. Nxc1 cxd4 18. Qa4 Qxc1+
0-1

[Event "standard tournament (under 1400)"]
[Site "SchemingMind.com"]
[Date "2008.12.19"]
[Round "-"]
[White "Shanks"]
[Black "Manfred Kraut"]
[Result "1/2-1/2"]
[WhiteCountry "ENG"]
[BlackCountry "GER"]
[WhiteElo "1433"]
[WhiteRD "66"]
[BlackElo "1451"]
[BlackRD "67"]
[GameID "183877"]

1. d4 g6 2. e4 d6 3. Nc3 Bg7 4. g3 Nf6 5. Bg2 O-O 6. Nf3 Bg4 7. O-O e5 8. d5 Nbd7 9. Qe1 c5 10. dxc6 bxc6
11. Nd2 d5 12. exd5 cxd5 13. Nxd5 Nxd5 14. Bxd5 Nc5 15. Bg2 Re8 16. h3 Bf5 17. b4 e4 18. Rb1 Na4 19. Nc4 Bc3 20. Bd2 Bxd2
21. Nxd2 Nc3 22. Rb2 Qd7 23. Kh1 Rad8 24. a3 Qxd2 25. Qxd2 Rxd2 26. g4 Na4 27. Rb3 Rxc2 28. gxf5 Kg7 29. fxg6 hxg6 30. Re3 f5
31. b5=
1/2-1/2

[Event "standard tournament (under 1400)"]
[Site "SchemingMind.com"]
[Date "2008.12.17"]
[Round "-"]
[White "drowzee1872"]
[Black "Manfred Kraut"]
[Result "0-1"]
[WhiteCountry "WLS"]
[BlackCountry "GER"]
[WhiteElo "1236"]
[WhiteRD "89"]
[BlackElo "1451"]
[BlackRD "67"]
[GameID "183879"]

1. e4 e5 2. Nf3 Nc6 3. Bb5 Nf6 4. Qe2 a6 5. Bxc6 dxc6 6. Nxe5 Bd6 7. Nf3 Bc5 8. O-O O-O 9. c3 Bg4 10. d4 Ba7
11. h3 Bxf3 12. Qxf3 Qe7 13. Re1 Rae8 14. e5 Nd5 15. b3 f6 16. Ba3 c5 17. Qxd5+ Kh8 18. dxc5 c6 19. Qe4 f5 20. Qe3 h6
21. Nd2 g5 22. f4 g4 23. hxg4 fxg4 24. b4 Qh4 25. e6 g3 26. Nf3 Qf6 27. Nd4 Bb8 28. f5 Kh7 29. Rf1 Rg8 30. Bc1 Qh4
31. Nf3 Qh5 32. f6 Rg5 33. Nxg5+ hxg5
0-1

[Event "standard tournament (under 1400)"]
[Site "SchemingMind.com"]
[Date "2008.12.19"]
[Round "-"]
[White "Ralke"]
[Black "Manfred Kraut"]
[Result "1-0"]
[WhiteCountry "SRB"]
[BlackCountry "GER"]
[WhiteElo "1409"]
[WhiteRD "122"]
[BlackElo "1411"]
[BlackRD "67"]
[GameID "183880"]

1. e4 e5 2. f4 d5 3. d3 dxe4 4. fxe5 exd3 5. Bxd3 Bc5 6. Nf3 Be6 7. Qe2 Nc6 8. Bd2 f6 9. exf6 Qxf6 10. Bc3 Qg6
11. Bxg6+ hxg6 12. Qxe6+ Nge7 13. Nbd2 Rh5 14. O-O-O Nb4 15. Kb1 Rd8 16. Rhe1 Rd6 17. Qxe7#
1-0

[Event "standard tournament (under 1400)"]
[Site "SchemingMind.com"]
[Date "2008.12.16"]
[Round "-"]
[White "waldron"]
[Black "Manfred Kraut"]
[Result "1-0"]
[WhiteCountry "USA"]
[BlackCountry "GER"]
[WhiteElo "1930"]
[WhiteRD "126"]
[BlackElo "1380"]
[BlackRD "68"]
[GameID "183881"]

1. e4 e5 2. Nf3 Nc6 3. Bb5 Nf6 4. Qe2 a6 5. Ba4 Bc5 6. d3 O-O 7. Bg5 b5 8. Bb3 Nb4 9. a3 Nc6 10. Nc3 Bb7
11. Nd5 Na5 12. Ba2 Nc6 13. O-O Nd4 14. Nxd4 Bxd4 15. Bxf6 gxf6 16. c3 Ba7 17. Ne3 d6 18. Nf5 d5 19. Qg4+
1-0